Tilastot visalle Kuuluisat Etunimet #2

Klikkaa tästä pelataksesi tätä visaa!

Yleistilastot

  • Tätä visaa on pelattu 186 kertaa
  • Keskiarvotulos 16 / 20

Vastaustilastot

EtunimiKuuluisat sukunimet% Oikein
AnnaEriksson, Puu, Abreu
99%
AnttiRinne, Herlin, Tuisku
97%
MarttiLuther, Ahtisaari, Suosalo
97%
MattiNykänen, Vanhanen, Pellonpää
95%
TarjaFilatov, Turunen, Halonen
95%
VesaVierikko, Keskinen, Loiri
94%
MichaelMonroe, Schumacher, Jackson
91%
AdolfEichmann, Ehrnrooth, Hitler
88%
HannaPakarinen, Ekola, Brotherus
83%
ReinoHelismaa, Nordin, Paasilinna
81%
JohannaSinisalo, Tukiainen, Raunio
77%
AlvarCawén, Aalto, Gullichsen
74%
PauliHanhiniemi, Levokari, Aalto-Setälä
74%
TiinaLillak, Lymi, Jylhä
73%
SatuSilvo, Hassi, Lappi
66%
BorisBecker, Jeltsin, Pasternak
64%
EdithSödergran, Piaf, Wharton
54%
SannaSillanpää, Stellan, Saarijärvi
52%
EeroAarnio, Saarinen, Mäntyranta
50%
NinaTapio, Simone, Hagen
49%

Tulosjakauma

Persentiili vastausten määrän mukaan

Jokaisen tuloksen saaneiden osuus

Tuloshistoriasi

Et ole pelannut tätä visaa